Kpop idols (XXL quiz) - Statistics

General Stats
  • This quiz has been taken 200 times
    46 since last reset
  • The average score is 279 of 729
Answer Stats
Answer % Correct
J
100%
Jennie
100%
Jun
100%
K
100%
L
100%
N
100%
ON:N
100%
Rosé
100%
Han
96%
Hyun
96%
Jin
96%
Jisoo
96%
Jun Han
96%
Lisa
96%
RM
96%
Bang Chan
93%
Chan
93%
E:U
93%
Giselle
93%
Jimin
93%
Jo
93%
Jung Kook
93%
Karina
93%
Lim Jimin
93%
NingNing
93%
Suga
93%
V
93%
Win
93%
Winter
93%
Felix
89%
Hyunjin
89%
I.N
89%
Isa
89%
J-Hope
89%
San
89%
Yoon
89%
Yu
89%
Changbin
85%
Hueningkai
85%
Jake
85%
Jay
85%
Jay B
85%
Kai
85%
Lee Know
85%
Momo
85%
Ni-Ki
85%
Sana
85%
Dahyun
81%
Go Won
81%
James
81%
Jihyo
81%
Martin
81%
Nayeon
81%
Seungmin
81%
Tzuyu
81%
Yuna
81%
Beomgyu
78%
G-Dragon
78%
Hwasa
78%
Lily
78%
Manon
78%
Mina
78%
Soobin
78%
Sophia
78%
Sunoo
78%
The8
78%
Vernon
78%
Yeji
78%
Bae
74%
Chaeryeong
74%
Chaeyoung
74%
Chanelle Moon
74%
Dino
74%
DK
74%
Haru
74%
Hoshi
74%
Intak
74%
Jeongyeon
74%
Jiwoo
74%
Joy
74%
Jungwon
74%
Keeho
74%
Lara
74%
Lia
74%
Megan
74%
Mingi
74%
Mingyu
74%
Sakura
74%
S.Coups
74%
Soul
74%
Soyeon
74%
Sungho
74%
Sunghoon
74%
Taehyun
74%
Wendy
74%
Wooyoung
74%
Woozi
74%
Yeon
74%
Yeonjun
74%
Yoonchae
74%
Young K
74%
Yunjin
74%
Belle
70%
Chaewon
70%
D.O
70%
Eunchae
70%
Haerin
70%
Haewon
70%
Irene
70%
Jaehyun
70%
Johnny
70%
Joshua
70%
Julie
70%
Kazuha
70%
Natty
70%
Ryujin
70%
Seulgi
70%
Taemin
70%
Theo
70%
Wonwoo
70%
Wonyoung
70%
Yuji
70%
Yujin
70%
Yuqi
70%
Chen
67%
Daniela
67%
Hanbin
67%
Haneul
67%
Hyein
67%
Iroha
67%
Jackson
67%
Jeonghan
67%
Jongho
67%
Jongseob
67%
Minju
67%
Minnie
67%
Miyeon
67%
Seonghwa
67%
Seungkwan
67%
Shuhua
67%
Solar
67%
Sullyoon
67%
Taeyang
67%
Ten
67%
Wonhee
67%
Yeri
67%
Yunho
67%
Ahyeon
63%
Annie
63%
Bailey
63%
BamBam
63%
Chiquita
63%
Daesung
63%
Gaeul
63%
Hongjoong
63%
JiU
63%
Jiung
63%
Juhoon
63%
Keonho
63%
Key
63%
Leeseo
63%
Liz
63%
Maki
63%
Mark
63%
Moka
63%
Moonbyul
63%
Rei
63%
Seonghyeon
63%
Sungchan
63%
Taeyong
63%
Tarzzan
63%
Yunah
63%
Anton
59%
Asa
59%
CL
59%
Cocona
59%
Eunwoo
59%
Gunwook
59%
Hanni
59%
Jaemin
59%
Jeno
59%
Jisung
59%
Kyujin
59%
Leehan
59%
Minho
59%
Pharita
59%
Sakuya
59%
Winwin
59%
WinWin
59%
Youngjae
59%
Anna
56%
Baekhyun
56%
BM
56%
Chenle
56%
Jihoon
56%
Jonghyun 🕊️
56%
Ken
56%
Matthew
56%
Moonbin 🕊️
56%
Nicholas
56%
Rami
56%
Renjun
56%
Riwoo
56%
Rui
56%
Ruka
56%
Shotaro
56%
Taesan
56%
Taki
56%
Wonbin
56%
Woonhak
56%
Yeosang
56%
Youngseo
56%
Yuri
56%
Yuta
56%
Arin
52%
Chuu
52%
Doyoung
52%
Ella
52%
Haechan
52%
Hendery
52%
Jaehee
52%
Jiwoong
52%
Jungwoo
52%
Kun
52%
Kyung
52%
Onew
52%
Riku
52%
Rora
52%
Ryo
52%
Sion
52%
Sohee
52%
Taerae
52%
Taeyeon
52%
Wheein
52%
Wumuti
52%
Xiaojun
52%
YangYang
52%
Yeo One
52%
Yushi
52%
Bahiyyih
48%
Bom
48%
Chaeyeon
48%
Chih En
48%
Eric
48%
Q
48%
Woochan
48%
Bobby
44%
Fuma
44%
Gawon
44%
Harua
44%
Harvey
44%
Hyoyeon
44%
Ju-ne
44%
Kim Lip
44%
Kyungmin
44%
Seeun
44%
Suho
44%
Sunny
44%
Tiffany
44%
Xiaoting
44%
Xiumin
44%
Yena
44%
Yoona
44%
Yoshi
44%
Yves
44%
Amber
41%
Chanyeol
41%
Choerry
41%
Dohoon
41%
EJ
41%
Eunbi
41%
Eunseo
41%
Eunseok
41%
HyunA
41%
Hyunsuk
41%
Ian
41%
I.M
41%
Jeemin
41%
Kevin
41%
Krystal
41%
Minjae
41%
Narin
41%
Sehun
41%
Sieun
41%
Sooin
41%
Asahi
37%
B.I
37%
Carmen
37%
Emma
37%
Fatou
37%
Haruto
37%
Haseul
37%
Heejin
37%
Hitomi
37%
Hui
37%
Hunter
37%
Jeongwoo
37%
Jinyoung
37%
J.Seph
37%
Juria
37%
Kenny
37%
Kya
37%
Mai
37%
Shinyu
37%
Stella
37%
Sumin
37%
ViVi
37%
Yugyeom
37%
Yuma
37%
Chaehyun
33%
Dara
33%
Eunha
33%
Gehlee
33%
Haum
33%
Hikaru
33%
Hu'e
33%
Hyeju
33%
Hyuk
33%
Jacob
33%
Jiyu
33%
Jun.K
33%
Luna
33%
May
33%
Minje
33%
MJ
33%
New
33%
O.de
33%
SinB
33%
Umji
33%
Yechan
33%
Yeojin
33%
Yuha
33%
Yuju
33%
Aito
30%
Camila
30%
Dayeon
30%
Gaon
30%
Gunil
30%
Hanjin
30%
Hyewon
30%
Jinsoul
30%
Joohoney
30%
Junghwan
30%
Junho
30%
Juun
30%
Lexi
30%
Nako
30%
Shownu
30%
Song
30%
Sooyoung
30%
Sui
30%
Sunwoo
30%
Aisha
26%
Amaru
26%
Ana
26%
Dami
26%
Dayoung
26%
Handong
26%
Hinata
26%
Hyungwon
26%
Hyunjae
26%
Jaehyuk
26%
Jiwon
26%
Jooyeon
26%
Jungsu
26%
Junkyu
26%
Jurin
26%
Keiju
26%
Kihyun
26%
Koko
26%
Kotoko
26%
Leesol
26%
Minhyuk
26%
Minzy
26%
Monday
26%
Nancy
26%
Nathan
26%
Onda
26%
Saebi
26%
Sangyeon
26%
Sanha
26%
Savanna
26%
Seohyun
26%
Shuaibo
26%
Sihyeon
26%
Somin
26%
Swan
26%
Wooseok
26%
Athena
22%
Bamby
22%
Chisa
22%
De_Hana
22%
Elisia
22%
Hana
22%
Hayoung
22%
Hyeri
22%
Jiheon
22%
Jinho
22%
JinJin
22%
Jungeun
22%
Juwon
22%
Juyeon
22%
Keena
22%
Kendall
22%
Kyehoon
22%
Maya
22%
Nagyung
22%
Nakyoung
22%
Nichkhun
22%
Nien
22%
Sarang
22%
Seok
22%
SIU
22%
Sohyun
22%
SuA
22%
Sua
22%
Sullin
22%
Sungmin
22%
Taeil
22%
U-Kwon
22%
Victoria
22%
Wonpil
22%
Woongki
22%
Xinyu
22%
Xion
22%
Yoohyeon
22%
Yubin
22%
Yuki
22%
Chaein
19%
Chloe Young
19%
Donghwa
19%
Donghyeon
19%
Dosie
19%
Dowoon
19%
Gahyun
19%
Hani
19%
Hongseok
19%
Hwanwoong
19%
Hyeonju
19%
Hyunwoo
19%
Ireh
19%
JL
19%
JooE
19%
Kenshin
19%
Kino
19%
Kotone
19%
Leedo
19%
Leo
19%
Lynn
19%
Na Goeun
19%
Nana
19%
Sasha
19%
Seoho
19%
Seongmin
19%
Seowon
19%
Seoyeon
19%
Shindong
19%
Shinwon
19%
Siyeon
19%
Sowon
19%
Steven
19%
Yerin
19%
Younghoon
19%
Ahin
15%
Allen
15%
B-Bomb
15%
Changmin
15%
Daisuke
15%
Eunji
15%
EXY
15%
Hara 🕊️
15%
Heechul
15%
Hyerin
15%
Junmin
15%
Juwang
15%
Kaede
15%
Kelly
15%
Keonhee
15%
Kyoungbae
15%
Kyuhyun
15%
Leeteuk
15%
Mayu
15%
Namjoo
15%
Noah
15%
P.O.
15%
Seoah
15%
Seola
15%
Serim
15%
Seungho
15%
Shion
15%
Siwon
15%
So Geon
15%
Soomin
15%
Taecyeon
15%
Tomoya
15%
Xayden
15%
Yanan
15%
Yeojun
15%
YooA
15%
Yooyeon
15%
Yunha
15%
Yuto
15%
Bain
11%
Chanty
11%
Chorong
11%
Gabi
11%
Hayeon
11%
Hwayeon
11%
Hyojung
11%
Ina
11%
Jaehan
11%
Jane
11%
Jingxiang
11%
Jinsik
11%
Jiyeon
11%
Jiyoon
11%
Joobin
11%
Junghoon
11%
Jungmo
11%
Junhyuk
11%
Lizzy
11%
Mimi
11%
Minwook
11%
Nvee
11%
Raina
11%
Semin
11%
Seungyeon
11%
Soojin
11%
Sriya
11%
Sungjin
11%
Taeyoung
11%
Wonjin
11%
Woobin
11%
Yeonji
11%
Yujun
11%
Yunseo
11%
ZENA
11%
A’mei
7%
BIC
7%
Bomi
7%
Bona
7%
Castle J
7%
Chanyeon
7%
Eunjung
7%
Gain
7%
Gyuri
7%
Hyebin
7%
Hyeongjun
7%
Hyui
7%
Jaehyo
7%
Jia
7%
Jiseok
7%
Kamión
7%
Kokoro
7%
Lucy
7%
Luda
7%
Minhee
7%
Nayun
7%
Nicole
7%
Nova
7%
PJ
7%
Qri
7%
Ryeowook
7%
Seunghee
7%
Soeun
7%
Sojin
7%
Songsun
7%
Taerin
7%
Vin
7%
Yeonjung
7%
Yeoreum
7%
Yewon
7%
Yonghoon
7%
Yue
7%
Aria
4%
Bora
4%
Chanmi
4%
Chansung
4%
Dawon
4%
Dia
4%
Donghae
4%
Dongwoo
4%
Elly
4%
Eunho
4%
Eunhyuk
4%
Gayoon
4%
Geonu
4%
Haeyoon
4%
Hamin
4%
Hangyul
4%
Himesha
4%
Huijun
4%
Hyelin
4%
Hyunbin
4%
Jeonghwa
4%
Jihan
4%
Jihyun
4%
Jiyoung
4%
Kasia
4%
Leon
4%
MARTY
4%
Masami
4%
Meu
4%
Minah
4%
Mire
4%
Rahee
4%
Remi
4%
Seolhyun
4%
Seungwoo
4%
Seungyoun
4%
Solji
4%
Sungyeol
4%
Taedong
4%
TYRA
4%
Woohyun
4%
Yejun
4%
Yesung
4%
Yohan
4%
Yoochan
4%
Youmin
4%
Youngji
4%
Yura
4%
Zoa
4%
Bessie
0%
Chaerin
0%
Dohyon
0%
Dongpyo
0%
DY
0%
E.sha
0%
Eunil
0%
Eunsang
0%
Haeun
0%
Hangyeom
0%
Hankook
0%
Hannah
0%
Havit
0%
Hwichan
0%
Hyejeong
0%
Hyomin
0%
Jea
0%
Jehyun
0%
Jinwoon
0%
Jokwon
0%
Kunho
0%
Linlin
0%
Minseo
0%
Mirae
0%
Miryo
0%
Narsha
0%
Nizz
0%
ra.L
0%
Sangwoo
0%
Sebin
0%
Seita
0%
Seongjong
0%
Seulong
0%
Shana
0%
Siwoo
0%
Sora
0%
Sungkyu
0%
Wooyeon
0%
Xen
0%
Yoonwoo
0%
Yurim
0%
No matching quizzes found
Score Distribution
Percent of People with Each Score
Percentile by Number Answered
Your Score History
You have not taken this quiz since the last reset